Central Library OPAC University of Rajshahi

বাংলাদেশের পররাষ্ট্রনীতিতে ভারত / (Record no. 74218)

MARC details
000 -LEADER
fixed length control field 01246nam a2200253 a 4500
001 - CONTROL NUMBER
control field 74218
003 - CONTROL NUMBER IDENTIFIER
rucl marc code BD-RjUL
005 - DATE AND TIME OF LATEST TRANSACTION
control field 20211209082520.0
008 - FIXED-LENGTH DATA ELEMENTS--GENERAL INFORMATION
fixed length control field 180404s2013 bg d|||| |b|| 00| 0 ben d
020 ## - INTERNATIONAL STANDARD BOOK NUMBER
International Standard Book Number 9789849048671
Terms of availability : Tk. 600.00
035 ## - SYSTEM CONTROL NUMBER
System control number (BD-RjUL)74436
040 ## - CATALOGING SOURCE
Original cataloging agency BD-RjUL
Language of cataloging ben
Transcribing agency BD-RjUL
Modifying agency BD-RjUL
041 ## - LANGUAGE CODE
Language code of text/sound track or separate title ben
082 ## - DEWEY DECIMAL CLASSIFICATION NUMBER
Edition number 23
Classification number 327.5492054
Author mark and year HOB 2013
100 1# - MAIN ENTRY--PERSONAL NAME
Personal name হুদা, মোহাম্মদ নাজমুল
9 (RLIN) 220927
245 1# - TITLE STATEMENT
Title বাংলাদেশের পররাষ্ট্রনীতিতে ভারত /
Statement of responsibility, etc. মোহাম্মদ নাজমুল হুদা
260 ## - PUBLICATION, DISTRIBUTION, ETC. (IMPRINT)
Place of publication, distribution, etc. ঢাকা :
Name of publisher, distributor, etc. এ এইচ ডেভেলপমেন্ট পাবলিশিং হাউজ,
Date of publication, distribution, etc. ২০১৩
300 ## - PHYSICAL DESCRIPTION
Pagination [৮], ২১৬ পৃ. :
Illustrations চিত্র ;
Size ২২ সেমি.
504 ## - BIBLIOGRAPHY, ETC. NOTE
Bibliography, etc গ্রন্থপঞ্জিমূলক রেফারেন্স সংযুক্ত (পৃষ্ঠা ২০৫-২০১৬)
520 ## - SUMMARY, ETC.
Summary, etc. Articles on foreign policy of Bangladesh with India.
651 ## - SUBJECT ADDED ENTRY--GEOGRAPHIC NAME
Geographic name বাংলাদেশ
General subdivision বৈদেশিক সম্পর্ক
Geographic subdivision ভারত
9 (RLIN) 220928
Geographic name Bangladesh
General subdivision Foreign relations
Geographic subdivision India.
9 (RLIN) 220929
942 ## - ADDED ENTRY ELEMENTS (KOHA)
Source of classification or shelving scheme Dewey Decimal Classification
Koha item type Books
Holdings
Lost status Source of classification or shelving scheme Damaged status Not for loan Collection code Permanent Location Current Location Shelving location Date acquired Source of acquisition Cost, normal purchase price Total Checkouts Full call number Date last seen Copy number Koha item type Date checked out
  Dewey Decimal Classification   Not For Loan Non-fiction Central Library, University of Rajshahi Central Library, University of Rajshahi Reading Room 05/04/2017 Biddashagor, Rajshahi 600.00   B 327.5492054 HOB 2013 04/04/2018 C-1 Books  
  Dewey Decimal Classification     Non-fiction Central Library, University of Rajshahi Central Library, University of Rajshahi   05/04/2017 Biddashagor, Rajshahi 600.00 9 B 327.5492054 HOB 2013 14/07/2025 C-2 Books 08/07/2025
  Dewey Decimal Classification     Non-fiction Central Library, University of Rajshahi Central Library, University of Rajshahi   05/04/2017 Biddashagor, Rajshahi 600.00 7 B 327.5492054 HOB 2013 24/11/2025 C-3 Books 08/10/2025